000 01814nam0a2200373 4500
001 RU\NLR\bibl\1450514
005 20260405105527.0
010 _a978-5-397-00821-1
021 _aRU
_b2009-84917
_95341
035 _a(NLR Aleph) 001442336
090 _a1470926
_c1470926
100 _a20091210d2009 |||y0rusy50 ca
101 0 _arus
_deng
102 _aRU
105 _aa |||||||||
200 1 _aМорфогенез плодов Magnoliophyta
_fА.В. Бобров, А.П. Меликян, М.С. Романов
_gМГУ им. М.В. Ломоносова, Гл. ботан. сад им. Н.В. Цицина Рос. акад. наук
210 _aМосква
_cURSS
_cЛИБРОКОМ
_d2009
215 _a398 с.
_cил., цв. ил.
_d25
300 _aНа 4-й с. обл. авт.: А.В. Бобров, д.б.н., А.П. Меликян, д.б.н., проф., М.С. Романов, к.б.н.
300 _aРез. на англ.
320 _aБиблиогр.: с. 241-263 (459 назв.)
320 _aУказ. назв. семейств: с. 264-271
606 1 _aПлоды покрытосеменных
_xМорфогенез
_92578700
_3RU\NLR\auth\661524548
606 1 _aПлоды цветковых растений
_xМорфогенез
_92578702
_3RU\NLR\auth\661524549
686 _aЕ564.222
700 1 _aБобров
_bА. В.
_gАлексей Владимирович
_4070
701 1 _aМеликян
_bА. П.
_f1935-2008
_gАлександр Павлович
_4070
701 1 _4070
_7ca
_8rus
_aРоманов
_bМ. С.
_cканд. биол. наук, ботаника
_gМихаил Сергеевич
_923783
_3RU\NLR\auth\7740832
801 0 _aRU
_bNLR
_c20091210
_gRCR
801 1 _aRU
_bNLR
_c20091210
830 _aавт. по кн.
942 _cBOOK
980 _aNB